| 000 | nam a22 7a 4500 | ||
|---|---|---|---|
| 999 |
_c127479 _d127479 |
||
| 008 | 180124b xxu||||| |||| 00| 0 eng d | ||
| 020 | _a9782825100066 | ||
| 050 |
_aBX320.2 _b.B764 |
||
| 100 |
_aBoulgakov, Serge _938840 |
||
| 245 |
_aLa lumiere sans declin _cSerge Boulgakov |
||
| 260 |
_aLausanne _bL'age d'homme _c1990 |
||
| 300 |
_a431p. ; _c23cm. |
||
| 440 |
_aSophia _938838 |
||
| 650 |
_aOrthodox, Eastern Church _xDoctrines _938839 |
||
| 942 |
_2lcc _cMONOGRAPH |
||